| 000 | 00686nam a22002297a 4500 | ||
|---|---|---|---|
| 999 |
_c11918 _d11918 |
||
| 001 | 11918 | ||
| 003 | BD-JhCC | ||
| 005 | 20221115134023.0 | ||
| 008 | 201129b2014 ii a|||| ||a| 000 0 eng d | ||
| 020 | _a9789381753408 | ||
| 035 | _a(BD-JhCC)11918 | ||
| 040 |
_aBD-JhCC _dBD-JhCC |
||
| 041 | _aeng | ||
| 082 |
_a158.2 _bPEA 2014 |
||
| 100 | _aPease, Allan | ||
| 245 |
_a Body Language: _b How To Read Others' Thoughts By Their Gestures / _c Allan Pease. |
||
| 260 |
_aNew Delhi: _bManjul Publishing House, _c2014. |
||
| 300 |
_a190 p. : _bill; _c22 cm. |
||
| 651 |
_aBody language _xMovement, Psychology of _yNonverbal communication _zGesture |
||
| 942 |
_2ddc _cBK _08 |
||